000 00335 a2200157 4500
001 62859
020 _a9788501401397
040 _cAnchieta - Pituba
100 _aMAAS, Sarah J
240 1 0 _aTrono de vidro
_lpor
245 1 0 _aTrono de vidro
300 _a404
362 0 _a2014
650 4 _aFicção norte-americana
942 _cBK
999 _c62859
_d62859